[Event "Challenge"]
[Site "http://www.queenalice.com/game.php?id=1110486"]
[Date "2012.10.8"]
[Round "-"]
[White "NeeneNY"]
[Black "claudius46"]
[Result "0-1"]
[WhiteElo "1442"]
[BlackElo "1567"]

1. e4 e5 2. Nf3 Nc6 3. Bc4 Nf6 4. Ng5 d5 5. exd5 Nxd5 6. c3 Be6 7. d3 h6 8. Ne4
Na5 9. Bb3 Nf6 10. Ba4+ Nc6 11. Nbd2 Qxd3 12. Qe2 Qxe2+ 13. Kxe2 Nh5 14. Rd1
O-O-O 15. Kf1 Nf4 16. Nb3 Rxd1# 0-1

[Event "Challenge"]
[Site "http://www.queenalice.com/game.php?id=1110579"]
[Date "2012.10.8"]
[Round "-"]
[White "claudius46"]
[Black "Martial"]
[Result "1-0"]
[WhiteElo "1578"]
[BlackElo "1555"]

1. e4 e5 2. Nf3 Nf6 3. d3 Bb4+ 4. c3 Ba5 5. Nxe5 d5 6. Qf3 O-O 7. Be2 Bg4 8.
Nxg4 Nc6 9. Qg3 dxe4 10. Bg5 Qe8 11. Bxf6 h5 12. Nh6+ Kh7 13. Qxg7# 1-0

[Event "Challenge"]
[Site "http://www.queenalice.com/game.php?id=1112288"]
[Date "2012.10.13"]
[Round "-"]
[White "askasl159"]
[Black "claudius46"]
[Result "0-1"]
[WhiteElo "1508"]
[BlackElo "1581"]

1. e4 e6 2. c4 Nf6 3. d3 d5 4. Nc3 dxc4 5. dxc4 Qxd1+ 6. Kxd1 Nc6 7. f4 g6 8. h3
e5 9. a3 Be6 10. Nf3 O-O-O+ 11. Bd2 exf4 12. Kc2 Nd4+ 13. Nxd4 Rxd4 14. Re1 Bd6
15. Bd3 Bxc4 16. Bxc4 Rxc4 17. e5 Nd5 18. exd6 cxd6 19. Re4 Ne3+ 20. Bxe3 Rxe4
21. Nxe4 fxe3 22. Nxd6+ Kc7 23. Nxf7 Rf8 24. Re1 Rxf7 25. Kb3 Re7 26. g4 Re6 27.
Kc3 e2 28. Kd2 Rd6+ 29. Kc3 Rc6+ 30. Kd4 Rc2 31. Ke3 Rxb2 32. Rxe2 Rb3+ 33. Kf4
Rxa3 34. Rc2+ Kb6 35. h4 Ra4+ 36. Kg5 Rd4 37. Rb2+ Kc6 38. Rc2+ Kd5 39. Rc7 Rb4
40. Rxh7 a5 41. h5 gxh5 42. gxh5 b5 43. Rd7+ Kc6 44. Rd2 Kc5 45. h6 Rb3 46. h7
Rh3 47. Kg6 b4 48. Rd8 Rxh7 49. Kxh7 Kb5 50. Rd5+ Ka4 51. Rd4 Ka3 52. Kg6 b3 53.
Kf5 b2 54. Rd1 Kb3 55. Ke4 Kc2 56. Rh1 a4 57. Kd4 a3 58. Ke5 a2 59. Kf5 a1=Q 60.
Rxa1 bxa1=Q 61. Ke6 Qd4 62. Kf5 Kd3 63. Ke6 Ke4 64. Kf7 Qd6 65. Ke8 Ke5 66. Kf7
Kf5 0-1

[Event "Challenge"]
[Site "http://www.queenalice.com/game.php?id=1115865"]
[Date "2012.10.25"]
[Round "-"]
[White "claudius46"]
[Black "Enzo1945"]
[Result "1-0"]
[WhiteElo "1564"]
[BlackElo "1538"]

1. e4 e5 2. Nc3 Nc6 3. Nd5 Nf6 4. Bd3 d6 5. b3 Be6 6. Ba3 Bxd5 7. exd5 Nxd5 8.
Bc4 Qg5 9. Bxd5 Qxg2 10. Bxg2 Be7 11. Bh3 O-O 12. Bf5 g6 13. Qg4 Nd4 14. Bd3 h5
15. Ne2 hxg4 16. Nxd4 exd4 17. h3 f5 18. Bb2 c5 19. hxg4 f4 20. Bxg6 Rf6 21.
Bh7+ Kf8 22. O-O-O Kf7 23. c3 dxc3 24. Bxc3 Re6 25. d4 Rc8 26. d5 Re2 27. Rd2
Rxd2 28. Bxd2 f3 29. Rh3 Bf6 30. Rxf3 Kg7 31. Rh3 c4 32. Bc2 Re8 33. Rh7+ Kg8
34. bxc4 Rf8 35. Bh6 Rf7 36. Rxf7 Kxf7 37. g5 Be5 38. g6+ Kg8 39. Bf5 a5 40. f4
Bc3 41. Be6+ Kh8 42. Kc2 Bb4 43. g7+ Kh7 44. g8=Q+ Kxh6 45. Bf7 Be1 46. Qg6# 1-0

[Event "Challenge"]
[Site "http://www.queenalice.com/game.php?id=1116994"]
[Date "2012.10.29"]
[Round "-"]
[White "nuage"]
[Black "claudius46"]
[Result "1-0"]
[WhiteElo "1637"]
[BlackElo "1606"]

1. Nf3 Nc6 2. g3 e5 3. Bg2 b6 4. d3 Bb7 5. O-O Qf6 6. Bg5 Qg6 7. h4 f6 8. Be3
Nh6 9. Nc3 Nf5 10. Nd5 O-O-O 11. c4 Bc5 12. Bxc5 bxc5 13. e4 Nxg3 14. fxg3 Qxg3
15. Qd2 h6 16. a3 g5 17. Nxf6 gxh4 18. Qf2 Qxf2+ 19. Rxf2 Ne7 20. Nxe5 Rhf8 21.
Raf1 d6 22. Neg4 h5 23. Nxh5 Ng6 24. Bh3 Kb8 25. Ngf6 Ne5 26. Ng7 Bc8 27. Ne6
Bxe6 28. Bxe6 Rh8 29. b3 Nxd3 30. Rh2 Ne5 31. Nd5 h3 32. Bxh3 Rde8 33. Rb1 Nf7
34. b4 Nd8 35. Nf6 Re7 36. Re1 Nc6 37. Nd5 Re5 38. b5 Nd4 39. Re3 Rf8 40. Rg2
Ne6 41. Bxe6 Rxe6 42. Rg7 Rfe8 43. Nxc7 Rxe4 44. Na6+ Kc8 45. Rxe4 Rxe4 46. Rxa7
Rxc4 47. Ra8+ Kb7 48. Rd8 Rd4 49. Rb8+ Ka7 50. Rd8 c4 51. Nb4 Kb6 52. a4 Kc5 53.
Na6+ Kb6 54. Rc8 d5 55. Rc6+ Ka5 56. Nc5 c3 57. Nb3+ Kxa4 58. Nxd4 Kb4 59. b6 c2
60. Rxc2 1-0

[Event "Challenge"]
[Site "http://www.queenalice.com/game.php?id=1117124"]
[Date "2012.10.29"]
[Round "-"]
[White "claudius46"]
[Black "titi93"]
[Result "0-1"]
[WhiteElo "1602"]
[BlackElo "1522"]

1. e4 e5 2. Nf3 Nc6 3. a3 h6 4. Be2 Bc5 5. Bc4 Nf6 6. Nc3 a6 7. d3 b5 8. Bb3 d6
9. Nh4 Ng4 10. Be3 Bxe3 11. fxe3 Qxh4+ 12. g3 Qf6 13. Nd5 Qf2# 0-1

[Event "Challenge"]
[Site "http://www.queenalice.com/game.php?id=1117808"]
[Date "2012.10.31"]
[Round "-"]
[White "claudius46"]
[Black "nuage"]
[Result "0-1"]
[WhiteElo "1605"]
[BlackElo "1619"]

1. e4 e6 2. Qf3 Nc6 3. Nh3 Ne5 4. Qf4 d6 5. d3 Ng6 6. Qg3 e5 7. Be2 Be7 8. Nc3
Nf6 9. Bg5 O-O 10. Nd5 Nxd5 11. exd5 Bxh3 12. Bh6 gxh6 13. Qxh3 Nf4 14. Qg3+ Bg5
15. Bf3 Re8 16. Qg4 Qf6 17. h4 h5 18. Qd7 Bxh4 19. Qxc7 e4 20. Bxe4 Qxb2 21. Kd2
Qb4+ 22. c3 Qb2+ 23. Ke3 Nxd5+ 24. Kd4 Nxc7 25. Rhf1 Bf6+ 26. Ke3 Nd5+ 27. Kf3
Nxc3 28. g4 Qe2+ 29. Kf4 Nxe4 30. Rg1 Bxa1 31. gxh5+ Kf8 32. Rxa1 Qxf2+ 33. Kg4
Qg3+ 34. Kf5 Re5# 0-1

[Event "Challenge"]
[Site "http://www.queenalice.com/game.php?id=1118048"]
[Date "2012.11.1"]
[Round "-"]
[White "cyrano"]
[Black "claudius46"]
[Result "1-0"]
[WhiteElo "1691"]
[BlackElo "1573"]

1. e4 e5 2. d4 Nc6 3. d5 Nb4 4. a3 Na6 5. b4 Qf6 6. c4 c6 7. Nc3 Ne7 8. Be3 d6
9. b5 Nc7 10. dxc6 Ng6 11. Qa4 a6 12. Qa5 Qd8 13. b6 Ne6 14. c7 Qd7 15. g3 Ne7
16. O-O-O Nc6 17. Qd5 Ne7 18. Qxd6 Qxd6 19. Rxd6 Nc6 20. Rd2 Bc5 21. Bxc5 Nxc5
22. Kc2 Nd4+ 23. Kb1 Ncb3 24. Rb2 O-O 25. Nge2 Nc5 26. Rd2 Nde6 27. Nd5 Nd7 28.
Ne7+ Kh8 29. Nxc8 Nxc7 30. bxc7 Raxc8 31. Rxd7 f5 32. Bh3 g6 33. Rhd1 Rxc7 34.
Rxc7 Rg8 35. Rdd7 Re8 36. Rxh7+ Kg8 37. Rh6 Re6 38. exf5 Rc6 39. Rxg6+ Kf8 40.
Rgxc6 bxc6 41. Rxc6 Kf7 42. f6 1-0

[Event "Challenge"]
[Site "http://www.queenalice.com/game.php?id=1118050"]
[Date "2012.11.1"]
[Round "-"]
[White "toguints"]
[Black "claudius46"]
[Result "1-0"]
[WhiteElo "1646"]
[BlackElo "1545"]

1. d4 Nf6 2. Nc3 e6 3. Bg5 h6 4. Bxf6 Qxf6 5. Nf3 c6 6. e3 Bb4 7. Qd2 c5 8. a3
Bxc3 9. Qxc3 Nc6 10. Bb5 Ne7 11. Qxc5 b6 12. Qc3 Nd5 13. Qc4 a6 14. Bc6 Rb8 15.
Bxd5 exd5 16. Qxd5 O-O 17. O-O Bb7 18. Qe5 Qc6 19. c3 Rfe8 20. Qf5 d6 21. Qd3
Rec8 22. e4 Qxe4 23. Qxe4 Bxe4 24. Nd2 f5 25. f3 Bd3 26. Rfe1 Kh8 27. f4 d5 28.
Nf3 Re8 29. Ne5 Be4 30. g3 Rbc8 31. Nf7+ Kg8 32. Nd6 Rb8 33. Nxe8 Rxe8 34. Re3
g5 35. fxg5 hxg5 36. Rf1 Kf8 37. g4 f4 38. Rh3 Kg7 39. Rh5 Kg6 40. h4 1-0

[Event "Challenge"]
[Site "http://www.queenalice.com/game.php?id=1118052"]
[Date "2012.11.1"]
[Round "-"]
[White "claudius46"]
[Black "antoniozla"]
[Result "0-1"]
[WhiteElo "1583"]
[BlackElo "1501"]

1. e4 e5 2. Qf3 Nf6 3. Ne2 Bc5 4. Ng3 d6 5. Nh5 Nxh5 6. Qxh5 g6 7. Qf3 Nc6 8.
Bc4 O-O 9. Na3 Bxa3 10. bxa3 Nd4 11. Qd3 Qf6 12. O-O Be6 13. Bxe6 Qxe6 14. c3
Nc6 15. Qe3 f5 16. f3 fxe4 17. fxe4 Qg4 18. d4 Rxf1+ 19. Kxf1 Rf8+ 20. Ke1 Qxg2
21. Qe2 Qg1+ 22. Kd2 Rf2 23. Qxf2 Qxf2+ 24. Kd3 exd4 25. Bd2 dxc3 26. Bxc3 Ne5+
27. Bxe5 dxe5 28. Rc1 Qd4+ 29. Kc2 Qxe4+ 30. Kb2 c5 31. Rxc5 Qd4+ 32. Rc3 e4 33.
Kc2 e3 34. Rd3 Qc4+ 35. Rc3 Qxa2+ 36. Kd3 Qd2+ 37. Kc4 e2 38. Rd3 Qa2+ 39. Kd4
e1=Q 40. Re3 Qad2+ 41. Rd3 Qh4+ 42. Ke5 Qxd3 43. Ke6 Qf5+ 44. Kd6 Qc4 45. Ke7
Qc7+ 0-1

[Event "Ah!La Mediteranne"]
[Site "http://www.queenalice.com/game.php?id=1118253"]
[Date "2012.11.2"]
[Round "-"]
[White "Gadou"]
[Black "claudius46"]
[Result "0-1"]
[WhiteElo "1485"]
[BlackElo "1590"]

1. e4 e5 2. Qf3 Nc6 3. c3 Bb4 4. Bc4 f6 5. a3 Bc5 6. b4 Bd4 7. b5 Na5 8. Bd5 Bc5
9. Nh3 c6 10. bxc6 dxc6 11. Ba2 Qb6 12. d4 Nb3 13. dxc5 Qb5 14. Bxb3 Qxb3 15.
Qe2 Nh6 16. O-O b5 17. Bxh6 O-O 18. f3 gxh6 19. Qd3 Ba6 20. Nd2 Qa4 21. Qd6 b4
22. Qd5+ cxd5 23. exd5 Bxf1 24. Nxf1 b3 25. c6 b2 0-1

[Event "Challenge"]
[Site "http://www.queenalice.com/game.php?id=1120560"]
[Date "2012.11.9"]
[Round "-"]
[White "claudius46"]
[Black "zmanomega"]
[Result "1-0"]
[WhiteElo "1579"]
[BlackElo "1523"]

1. e4 e5 2. Bc4 Nf6 3. Qf3 Nc6 4. Bb3 d6 5. Nh3 Qd7 6. Ng5 Ke7 7. Nxf7 Rg8 8.
Ng5 Nd4 9. Qc3 Nxb3 10. Qxb3 d5 11. Nc3 c6 12. O-O b5 13. Re1 h6 14. a4 hxg5 15.
axb5 Rb8 16. Re3 cxb5 17. exd5 Qd6 18. Rxa7+ Ke8 19. Nxb5 Rxb5 20. Qxb5+ Nd7 21.
Ra8 Qc7 22. d4 Bd6 23. dxe5 Bf8 24. Rc3 Qxe5 25. Re3 Kf7 26. Rxe5 Nxe5 27. Rxc8
Bd6 28. Qb7+ Be7 29. Rc7 Re8 30. Bxg5 Ng6 31. d6 Rd8 32. Qd5+ Kf8 33. dxe7+ 1-0

[Event "Challenge"]
[Site "http://www.queenalice.com/game.php?id=1120726"]
[Date "2012.11.10"]
[Round "-"]
[White "claudius46"]
[Black "Gadou"]
[Result "1-0"]
[WhiteElo "1593"]
[BlackElo "1451"]

1. e4 e5 2. b3 a6 3. Ba3 Bxa3 4. Nxa3 c6 5. Bc4 b5 6. Bf1 d6 7. Nf3 Qf6 8. Qc1
Qf4 9. d3 Qxc1+ 10. Rxc1 Be6 11. d4 Nd7 12. Rd1 Ngf6 13. Bd3 O-O 14. O-O h6 15.
Rfe1 c5 16. c3 c4 17. bxc4 Rfc8 18. Rc1 Rc7 19. cxb5 axb5 20. Nxb5 Rc6 21. a3
Bc4 22. Bxc4 Rxc4 23. Nxd6 Rca4 24. dxe5 Rxa3 25. exf6 gxf6 26. Nf5 Kh7 27. Nd6
Kg6 28. Nh4+ Kg5 29. g3 Kh5 30. f3 Ne5 31. h3 Rg8 32. Ndf5 Nd3 33. g4+ Kg5 34.
Rf1 Nxc1 35. f4# 1-0

[Event "Challenge"]
[Site "http://www.queenalice.com/game.php?id=1123347"]
[Date "2012.11.17"]
[Round "-"]
[White "claudius46"]
[Black "renet54"]
[Result "1-0"]
[WhiteElo "1562"]
[BlackElo "1597"]

1. e4 e5 2. Nf3 Nc6 3. d4 exd4 4. Nxd4 Nf6 5. Nc3 Bb4 6. a3 Qe7 7. Be3 Nxe4 8.
Ne2 Bd6 9. Qd3 O-O 10. Nxe4 Ne5 11. Qc3 c6 12. N2g3 Qh4 13. Nxd6 Ng4 14. Ndf5
Qf6 15. Bd4 Re8+ 16. Ne2 Qxf5 17. f3 Nf6 18. Bxf6 d5 19. Bxg7 Bd7 20. g4 Qg5 21.
Bf6 Qf4 22. Kf2 Qb8 23. Rd1 b5 24. Bh8 Qc8 25. Qg7# 1-0

[Event "Challenge"]
[Site "http://www.queenalice.com/game.php?id=1123384"]
[Date "2012.11.17"]
[Round "-"]
[White "antoniozla"]
[Black "claudius46"]
[Result "1-0"]
[WhiteElo "1555"]
[BlackElo "1581"]

1. e4 e5 2. Nf3 Nc6 3. Bc4 Qf6 4. a3 Bc5 5. O-O d6 6. h3 Be6 7. Bxe6 Qxe6 8. d3
h6 9. Nc3 Nce7 10. Re1 Ng6 11. Nd5 Rc8 12. d4 c6 13. dxc5 cxd5 14. exd5 Qd7 15.
cxd6 Qxd6 16. c3 N8e7 17. Be3 Rd8 18. Bxa7 Nxd5 19. Qa4+ Rd7 20. b4 Nxc3 21. Qa5
O-O 22. Bc5 Qa6 23. Qxa6 bxa6 24. Bxf8 Kxf8 25. Nxe5 Nxe5 26. Rxe5 f6 27. Rc5
Ne4 28. Rc8+ Kf7 29. Re1 Nd6 30. Ra8 Nc4 31. Rxa6 Kg6 32. Re4 Nd6 33. Rg4+ Kh7
34. Ra8 Nf5 35. a4 Ne7 36. b5 Nd5 37. Rd4 Kg6 38. a5 Kf5 39. a6 Nb6 40. Rxd7
Nxd7 41. Re8 Nb6 42. Re7 g6 43. a7 Nc8 44. Rc7 Nb6 45. Rb7 Na8 46. Rb8 Nc7 47.
b6 Ke6 48. a8=Q Nxa8 49. Rxa8 1-0

[Event "Challenge"]
[Site "http://www.queenalice.com/game.php?id=1127078"]
[Date "2012.11.30"]
[Round "-"]
[White "MsJARDEAN"]
[Black "claudius46"]
[Result "1-0"]
[WhiteElo "1725"]
[BlackElo "1486"]

1. e4 e5 2. Nf3 Nf6 3. d3 Nc6 4. Bg5 Qe7 5. Bh4 h6 6. Bxf6 Qxf6 7. Nc3 Nb4 8. a3
Nc6 9. Nd5 Qd8 10. d4 f6 11. Bb5 a6 12. Bxc6 bxc6 13. Ne3 d5 14. exd5 Qd6 15.
dxc6 g5 16. dxe5 Qxc6 17. O-O fxe5 18. Nxe5 Qb5 19. Qd5 Qxd5 20. Nxd5 Bd6 21.
Rfe1 O-O 22. b4 Bf5 23. c4 Rae8 24. Nc6 Bd7 25. Rxe8 Bxe8 26. Nd4 Be5 27. Rd1
Bd7 28. b5 a5 29. a4 Rd8 30. Nb3 Re8 31. Nxa5 Bf5 32. Nc6 Bd6 33. h3 1-0

[Event "Challenge"]
[Site "http://www.queenalice.com/game.php?id=1127082"]
[Date "2012.11.30"]
[Round "-"]
[White "Gadou"]
[Black "claudius46"]
[Result "1-0"]
[WhiteElo "1486"]
[BlackElo "1564"]

1. e4 e5 2. Bc4 Bc5 3. Qf3 Nh6 4. d3 Nc6 5. Bxh6 Qf6 6. Qxf6 gxf6 7. Bg7 Rg8 8.
Bxf6 Rxg2 9. Nc3 d6 10. Nd5 Kf8 11. Nxc7 Rb8 12. Nh3 Bxh3 13. O-O-O Rxf2 14. Bh4
Be3+ 15. Kb1 Nb4 16. Bxf2 Bg4 17. Rdf1 Bf4 18. Bxa7 Rc8 19. Bb6 Nc6 20. Rhg1 Bh3
21. Rf2 Nd8 22. Bd5 Be3 23. Bxe3 Rxc7 24. Bh6+ Ke7 25. Rg7 Kd7 26. Rgxf7+ Kc8
27. Rxc7+ Kxc7 28. a4 Kb6 29. b4 Bd7 30. Rf6 Ne6 31. Be3+ Kc7 32. Rf7 Kd8 33.
Rxh7 Nf8 34. Rg7 Bxa4 35. Bb6+ Ke8 36. h4 Bd7 37. h5 Be6 38. Bxb7 Nd7 39. Bc7
Kf8 40. h6 Nf6 41. Bxd6+ 1-0

[Event "Challenge"]
[Site "http://www.queenalice.com/game.php?id=1127393"]
[Date "2012.12.1"]
[Round "-"]
[White "claudius46"]
[Black "robertson"]
[Result "0-1"]
[WhiteElo "1522"]
[BlackElo "1674"]

1. e4 e5 2. Bc4 Nf6 3. Qf3 Nc6 4. d3 h6 5. Be3 Nb4 6. Na3 a6 7. c3 Nc6 8. Ne2
Na5 9. b4 Nxc4 10. Nxc4 d6 11. d4 Bg4 12. Qg3 Qd7 13. f3 Be6 14. d5 Qb5 15. Na3
Qd3 16. Bd2 a5 17. Nc1 Qa6 18. b5 Qa7 19. dxe6 fxe6 20. Nc4 b6 21. Nd3 O-O-O 22.
Ncxe5 dxe5 23. Nxe5 Bd6 24. Bf4 Bxe5 25. Bxe5 Rdg8 26. Rd1 a4 27. Rd4 Qa5 28.
Rc4 Ne8 29. Qf2 Qxb5 30. Qd4 c5 31. O-O Nc7 32. Qd6 Na6 33. Qxe6+ Kb7 34. h3 Rd8
35. Bxg7 Rhe8 36. Qf7+ Nc7 37. f4 Rd7 38. Rb4 cxb4 39. Qg6 Re6 40. Qh7 bxc3 41.
e5 Ree7 42. Qxh6 Rxg7 43. Qh4 Rd2 44. g3 Qe2 0-1

[Event "Challenge"]
[Site "http://www.queenalice.com/game.php?id=1127394"]
[Date "2012.12.1"]
[Round "-"]
[White "PROFALEXANDRE"]
[Black "claudius46"]
[Result "1-0"]
[WhiteElo "1647"]
[BlackElo "1496"]

1. e4 e5 2. Nf3 Nc6 3. a3 Bc5 4. Bb5 a6 5. Bxc6 Bd6 6. Bd5 Qf6 7. Nc3 Nh6 8. h3
Qg6 9. O-O c6 10. Bc4 Be7 11. Nxe5 Qf6 12. Nf3 b5 13. Bd3 g5 14. e5 Qe6 15. a4
Bb7 16. Be4 g4 17. hxg4 b4 18. Ne2 Nxg4 19. Nf4 Nxe5 20. Nxe6 fxe6 21. Nxe5 a5
22. Qh5+ 1-0

[Event "Challenge"]
[Site "http://www.queenalice.com/game.php?id=1130571"]
[Date "2012.12.12"]
[Round "-"]
[White "claudius46"]
[Black "nuage"]
[Result "0-1"]
[WhiteElo "1533"]
[BlackElo "1664"]

1. e4 e6 2. Nf3 d6 3. d4 Nf6 4. Nc3 Be7 5. e5 dxe5 6. Nxe5 O-O 7. Be3 Bb4 8. a3
Bxc3+ 9. bxc3 Ne4 10. Qd3 f5 11. f3 Nd6 12. g4 fxg4 13. Rg1 gxf3 14. Bf2 Nd7 15.
Nxf3 b6 16. Bh4 Nf6 17. Ng5 Qe8 18. O-O-O Nf5 19. Nf3 Qa4 20. Nd2 Qxa3+ 21. Kb1
Ba6 22. Nc4 Qa4 23. Nb2 Bxd3 24. Nxa4 Bxf1 25. Rgxf1 Nxh4 26. Nb2 Nd5 27. Rde1
Nxc3+ 28. Ka1 Ng2 29. Rc1 Rxf1 30. Rxf1 Rd8 31. Nd1 Nxd1 0-1

[Event "Challenge"]
[Site "http://www.queenalice.com/game.php?id=1137174"]
[Date "2013.1.4"]
[Round "-"]
[White "claudius46"]
[Black "Martial"]
[Result "0-1"]
[WhiteElo "1512"]
[BlackElo "1509"]

1. e4 e5 2. Qf3 Nf6 3. Nc3 Bb4 4. a3 Bxc3 5. bxc3 O-O 6. d3 Nc6 7. Qg3 d5 8. Be2
dxe4 9. Nh3 Bxh3 10. Qxh3 h6 11. Qg3 exd3 12. Bxd3 e4 13. Bxh6 Nh5 14. Bxg7 Nxg3
15. hxg3 Kxg7 16. O-O-O exd3 0-1